Historia del rock: la guía definitiva del rock, el punk, el metal y otros estilos

में बचाया:
ग्रंथसूची विवरण
मुख्य लेखक: Paytress, Mark (autor)
स्वरूप: पुस्तक
भाषा:स्पेनिश
प्रकाशित: Nueva York Parragón 2014
संस्करण:1a. ed
विषय:
टैग: टैग जोड़ें
कोई टैग नहीं, इस रिकॉर्ड को टैग करने वाले पहले व्यक्ति बनें!

MARC

LEADER 00000cam a2200000 a 4500
001 UCC0739
003 CL-VaPUC
008 170831e20140000us |||||||||||||||||spa|d
020 |a 9781472361134 
082 0 4 |a 781.66  |b PAY  |2 21 
100 |a Paytress, Mark  |e autor  |9 594744 
245 1 0 |a Historia del rock: la guía definitiva del rock, el punk, el metal y otros estilos 
250 |a 1a. ed 
300 |a 320 p 
942 |c BK 
945 |d 20170831 13:14:00  |a dcastane 
260 |a Nueva York  |b Parragón  |c 2014 
650 0 |a Historia del rock  |9 471724 
650 7 |a BLUES  |2 CL-VaPUC  |9 459797 
650 7 |a ROCK  |2 CL-VaPUC  |9 409985 
650 0 |a Punk  |9 449239 
650 0 |a Música popular  |9 356085 
583 |a last modification  |c 20170831 13:14:00  |k Rodrigo Vera 
999 |c 369481  |d 369479